000 00760nam a2200289Ia 4500
005 20260324112821.0
008 008 260324s9999 xx 000 0 eng d
020 _a9781032656199
037 _aEBOOK
040 _aCRL
040 _beng
040 _cCRL
041 _2eng
041 _aeng
084 _qCRL
100 _aValerio Torreggiani; José Luís Cardoso
_91144258
245 0 _aGiving Credit to Dictatorship
245 0 _bAuthoritarian Regimes and Financial Capitalism in Europe during the Twentieth Century
260 _bTaylor and Francis
260 _c2024
365 _a
365 _b220
856 _uhttp://www.taylorfrancis.com/books/9781032656199
942 _cEBOOK
999 _c1733618
_d1733618